000 00508cam a2200193ua 4500
020 _a81 7029 940 3
_c66.00
041 _aeng
_h
082 _a005.133
_bCAM/LE
100 _aCampbell, David L .
245 _aLean visual basic 5.0 in three days /
_cDavid L Campbell.
_hTextual Documents
250 _a1 /
_b.
260 _aNew Delhi :
_bB P B Publishers ,
_c1998.
300 _a211 ; .
365 _a66.00
504 _a
700 1 _aSmith, Larry W .
942 _cBK
999 _c9673
_d9673